000 02891nam a2200589 c 4500
999 _c175596
_d175596
003 BLK
005 20250212133204.0
008 180411b bul|||||r ||||||| ||bul||
010 _aKNG00184190000
020 _a978-954-535-869-2
040 _aBLK
041 _aBUL
_cBUL
072 7 _2bullib
_aН92
_xИстория Н
080 _aИстория на Втората световна война (1939-1945)
_b94(100)"1939/1945"
_z94(100)"1939/1945"
080 _aИстория на Германия
_b94(430)
_x(092)
_z94(430)(092)
080 _aИстория на Русия и СССР. Вж и 936 ; 957
_b94(470)
_x(092)
_z94(470)(092)
080 _aБиографии
_b929
_x(4)
_z929(4)
100 1 _aЦветков, Пламен Симеонов
_eпърви автор
_9365784
139 _aЦветков, Пламен Симеонов
_bЦ 34
245 1 0 _aПод сянката на Сталин и Хитлер
_bВтората световна война и съдбата на европ. народи, 1939 - 1941 : Т. 1
_cПламен Симеонов Цветков.
_nТ. 3
_pПодялбата на Европа
257 _aBGR
260 _c2014 -
300 _c23 см
380 _a9
600 1 4 _aСталин, Йосиф Висарионович
_9366674
600 1 4 _aХитлер, Адолф
_d1889-1945
_gНемски политик, диктатор, райхспрезидент на Германия, фюрер и райхсканцлер, лидер на Националсоциалистическата германска работническа партия (NSDAP)
_9137148
650 4 _aВтора световна война
_9266732
650 4 _aСталин (Джугашвили), Йосиф Висарионович
_9171930
650 4 _aХитлер, Адолф
_9137148
650 4 _aГермания - история
_9253290
650 4 _aВтора световна война - участие на СССР
_9256326
650 4 _aПолитици, немски
_9246498
650 4 _aПолитици, съветски
_9250566
650 4 _aФашизъм - Европа
_9277177
651 4 _aЕвропа
_9244407
651 4 _aГермания
_9178754
651 4 _aСССР
_9179592
653 _aВтора световна война
653 _aСталин
653 _aХитлер
653 _aистория
653 _aфашизъм
659 _aН
760 1 _aЦветков, Пламен Симеонов
_dНов бълг. унив., 2015
_h693 с.
_nБиблиогр. под линия.
_tТ. 3 Подялбата на Европа
852 _aЦб 277715
856 4 _qpdf
856 4 _qpdf
942 _cKNG
_n0
_02
_s1
944 _aCR
_c28.10.2015
_k30540
_lСевдалина Тодорова
944 _aED
_c08.03.2016
_kПенка_Димитрова
999 _d175596